LEADER 01881oam 2200529zu 450 001 996198457503316 005 20210807001147.0 010 $a0-7695-3993-9 035 $a(CKB)2610000000000524 035 $a(SSID)ssj0000452002 035 $a(PQKBManifestationID)12148597 035 $a(PQKBTitleCode)TC0000452002 035 $a(PQKBWorkID)10464103 035 $a(PQKB)11579866 035 $a(EXLCZ)992610000000000524 100 $a20160829d2010 uy 101 0 $aeng 181 $ctxt 182 $cc 183 $acr 200 10$a2010 IEEE 3rd International Conference on Digital Game and Intelligent Toy Enhanced Learning 210 31$a[Place of publication not identified]$cIEEE$d2010 300 $aBibliographic Level Mode of Issuance: Monograph 517 1 $aThird IEEE International Workshop on Digital Game and Intelligent Toy Enhanced Learning 531 $adigitel 606 $aEducational games$vCongresses 606 $aComputer games$vCongresses 606 $aComputer-assisted instruction$vCongresses 606 $aArtificial intelligence$vCongresses 606 $aEngineering & Applied Sciences$2HILCC 606 $aComputer Science$2HILCC 615 0$aEducational games 615 0$aComputer games 615 0$aComputer-assisted instruction 615 0$aArtificial intelligence 615 7$aEngineering & Applied Sciences 615 7$aComputer Science 676 $a006.3 702 $aBiswas$b Gautam 712 02$aIEEE Technical Committee on Learning Technology 712 02$aIEEE Computer Society 712 12$aIEEE International Workshop on Digital Game and Intelligent Toy Enhanced Learning 801 0$bPQKB 906 $aPROCEEDING 912 $a996198457503316 996 $a2010 IEEE 3rd International Conference on Digital Game and Intelligent Toy Enhanced Learning$92320820 997 $aUNISA LEADER 00923nam0-22003011i-450 001 990000951000203316 005 20220907095428.0 010 $a88-495-0045-9 035 $a0095100 035 $aUSA010095100 035 $a(ALEPH)000095100USA01 035 $a0095100 100 $a20000301d2002----|||y0itay0103----ba 101 0 $aita 105 $ay|||z|||001yy 200 1 $aAtti dell'Accademia romanistica costantiniana$eXIII Convegno internazionale in onore di André Chastagnol 210 $aNapoli$cedizioni scientifiche italiane$d2002 215 $a861 p.$d24 cm 606 $aCongressi 606 $aImpero romano$xFinanza$xCongressi$z1995 676 $a336.37 712 02$aAccademia romanistica Costantiniana 912 $a990000951000203316 951 $aX 18 IV 13$b21499 G.$cX 18$d00078037 959 $aBK 969 $aGIU 996 $aAtti dell'Accademia romanistica costantiniana$9661419 997 $aUNISA